| 000 | 01310cam a2200217 4500 | ||
|---|---|---|---|
| 001 | WB3915-06 | ||
| 008 | 030415n2003 000 0 eng u | ||
| 035 | _a(Sirsi) u121995 | ||
| 245 | _aDistribution warehouse take-up drops | ||
| 260 | _c2003 | ||
| 490 |
_aCB Hillier Parker Press Release _v25 March 2003 (1) |
||
| 520 | _aCB Hillier Parker's "Distribution warehouses market index brief 2002" reveals that the total take-up of new distribution warehouses in 2002 was 30% down on 2001, the first reduction since 1998. Activity on new space was depressed by the general economic uncertainty and less take-up by major food retailers who have already re-organised their supply chains in recent years. The fall was in part offset by a large increase in letting activity on second-hand units, which will remain a key element of this market in future years. Table gives rental values, land values and prime investment yields. http://www.cbhillierparker.com/master.htm. http://www.cbhillierparker.com/pdf/research/ukdistributionware2002.pdf | ||
| 590 | _aWB | ||
| 650 | _aINDUSTRIAL MARKET | ||
| 650 | _aDISTRIBUTION WAREHOUSES | ||
| 650 | _aRENTAL VALUES | ||
| 650 | _aLAND VALUES | ||
| 650 | _aPRIME INVESTMENT YIELDS | ||
| 690 | _aPROPERTY-COMMERCIAL PROPERTY-COMMERCIAL PROPERTY MARKET | ||
| 942 | _n0 | ||
| 999 |
_c72499 _d72499 |
||